Normal view MARC view

Entry Personal Name

Number of records used in: 2

001 - CONTROL NUMBER

  • control field: 82234

003 - CONTROL NUMBER IDENTIFIER

  • control field: dpl

005 - DATE AND TIME OF LATEST TRANSACTION

  • control field: 20250623163802.0

008 - FIXED-LENGTH DATA ELEMENTS

  • fixed length control field: 250623|| aca||aabn | a|a d

040 ## - CATALOGING SOURCE

  • Original cataloging agency: dpl
  • Transcribing agency: dpl

100 ## - HEADING--PERSONAL NAME

  • Personal name: Srivastava,pradeep

670 ## - SOURCE DATA FOUND

  • Source citation: Work cat.: (dpl)209334: Srivastava,pradeep, Arihant The ultimate guide for BBA BBS BBM entrance examination 2025 /, 2025

© Delhi Public Library
Hit Counter
free hit counter